|
|
|
|
| LEADER |
00000nam a2200000 a 4500 |
| 001 |
UCN2726 |
| 003 |
CL-VaPUC |
| 008 |
010531e19470000AG |||||||||||||||||spa|d |
| 082 |
0 |
4 |
|a 784.09
|b SAC
|2 21
|
| 100 |
0 |
|
|a Sachs, Curt
|e author
|9 458871
|
| 245 |
1 |
0 |
|a Historia universal de los instrumentos musicales
|
| 300 |
|
|
|a 455 p
|
| 942 |
|
|
|c BK
|
| 945 |
|
|
|d 20010531 00:00:00
|a crobeson
|
| 260 |
|
|
|a Buenos Aires
|b Centurión
|c 1947
|
| 650 |
|
0 |
|a Instrumentos musicales
|9 306600
|
| 650 |
|
0 |
|a Organología
|9 306545
|
| 650 |
|
7 |
|a MUSICA HISTORIA
|2 CL-VaPUC
|9 306301
|
| 583 |
|
|
|a last modification
|c 20010531 00:00:00
|k Rodrigo Vera
|
| 999 |
|
|
|c 295781
|d 295779
|
| 952 |
|
|
|0 0
|1 0
|4 0
|6 784_090000000000000_SAC_1947
|7 0
|8 A
|9 349126
|a BIBEDU
|b BIBEDU
|d 2019-11-20
|i 1185837
|o 784.09 SAC 1947
|p 1185837
|r 2023-01-12
|w 2019-11-20
|y BK
|k MUS
|
| 952 |
|
|
|0 0
|1 0
|4 0
|6 784_090000000000000_SAC_1947
|7 0
|8 A
|9 349127
|a BIBEDU
|b BIBEDU
|d 2019-11-20
|i 1185845
|o 784.09 SAC 1947
|p 1185845
|r 2023-01-12
|w 2019-11-20
|y BK
|k MUS
|